NEVER ENOUGH - Daniel Caesar (Tracklist) - Statistics

General Stats
  • This quiz has been taken 107 times
  • The average score is 11 of 15
Answer Stats
TRACKS % Correct
Always
95%
Valentina
89%
Toronto 2014 (w. Mustafa)
86%
Ocho Rios
84%
Superpowers
84%
Cool
83%
Disillusioned (w. serpentwithfeet)
80%
Let Me Go
75%
Pain Is Inevitable
67%
Unstoppable
67%
Vince Van Gogh
67%
Shot My Baby
66%
Buyer's Remorse (ft. Omar Apollo)
64%
Do You Like Me?
64%
Homiesexual (w. Ty Dolla $ign)
61%
No matching quizzes found
Score Distribution
Percent of People with Each Score
Percentile by Number Answered
Your Score History
You have not taken this quiz